| 000 | 00909nam a22002777a 4500 | ||
|---|---|---|---|
| 005 | 20220329141223.0 | ||
| 008 | 971010s1987 r 00010 d | ||
| 010 | _a64617 | ||
| 011 | _a65589 | ||
| 035 | _a72641 | ||
| 082 |
_a636.089 _bD6y |
||
| 100 | 0 | 0 |
_aDoxey, D. L. _934135 |
| 245 | _aPatología clínica y procedimientos de diagnóstico en veterinaria | ||
| 260 |
_aMéxico, D.F. : _bEl Manual Moderno, _c1987 |
||
| 300 | _a371 p. | ||
| 500 | _aD98-168 | ||
| 590 |
_aBATCH-UPD _b10 _c20130110 _lUCH01 _h0500 |
||
| 590 |
_aBATCH-UPD _b10 _c20130410 _lUCH01 _h0138 |
||
| 590 |
_aBATCH-UPD _b10 _c20130410 _lUCH01 _h1622 |
||
| 590 |
_aBATCH-UPD _b10 _c20130914 _lUCH01 _h1220 |
||
| 590 |
_aCONVERSION _b10 _c20130109 _lUCH01 _h1335 |
||
| 650 | 1 | 4 |
_aPatología veterinaria. _986194 |
| 650 | 1 | 4 |
_aVeterinaria _xDiagnóstico. _9118992 |
| 901 | _aBK | ||
| 949 |
_a636.089 D6y _bZA _cLIBRO _d-5355 _eLIBRO _h5193 _i72641 _si |
||
| 999 |
_c64617 _d64617 |
||